000 01258cam a2200337 a 4500
003 CHAP
005 20220329142509.0
008 010725d2001 mx 00 spa d
010 _a84331
011 _a85303
035 _a95836
040 _cCHAP
100 0 0 _aHernández Flores, Martín.
_954013
245 0 0 _aControl de la maleza en trigo (Triticum aestivum (L.) Tell y cebada (Hordeum vulgare L.) en la República Mexicana
_c/por Martín Hernández Flores
260 _aChapingo, Méx. :
_bEl autor,
_c2001.
300 _a62 h.
500 _aTesis (Ing. Agr. Esp. en Parasitología Agrícola) -- UACH. Departamento de Parasitología Agrícola
590 _aBATCH-UPD
_b10
_c20130110
_lUCH01
_h0548
590 _aBATCH-UPD
_b10
_c20130410
_lUCH01
_h0229
590 _aBATCH-UPD
_b10
_c20130914
_lUCH01
_h0904
590 _aCONVERSION
_b10
_c20130109
_lUCH01
_h1347
650 1 4 _aCebada
_xMalas hierbas
_xControl.
_920693
650 1 4 _aCebada
_xMéxico.
_920699
650 1 4 _aTrigo
_xMalas hierbas
_xControl.
_9115054
650 1 4 _aTrigo
_zMéxico.
_9115130
901 _aBK
905 _aLilia Sánchez G.
942 _cFOLL
949 _aTesis
_bBC
_cTES
_d33724000839551
_eTS2
_fc.2
_h38281
_i95836
_sb
949 _aTesis
_bBC
_cTES
_d958361
_eTS1
_h38280
_i95836
_sb
999 _c84331
_d84331